Developmental studies and tissue culture of ferns /
Saved in:
| 主要作者: | |
|---|---|
| 格式: | Thesis 图书 |
| 语言: | English |
| 出版: |
1988.
|
| 主题: | |
| 标签: |
添加标签
没有标签, 成为第一个标记此记录!
|
| LEADER | 00734cam a2200229 a 4500 | ||
|---|---|---|---|
| 001 | u308562 | ||
| 003 | SIRSI | ||
| 008 | 930211s1988 si v 00 0 eng m | ||
| 035 | |a ABM-0804 | ||
| 040 | |a UMM | ||
| 090 | |a SB123.6 |b Kwa | ||
| 100 | 1 | 0 | |a Kwa, Siew Hwa. |
| 245 | 1 | 0 | |a Developmental studies and tissue culture of ferns / |c by Kwa Siew Hwa. |
| 260 | |c 1988. | ||
| 300 | |a v, 195 leaves : |b ill. ; |c 30 cm. | ||
| 502 | |a Dissertation (M.Sc.) -- National University of Singapore, 1988. | ||
| 504 | |a Bibliography: leaves 132-183. | ||
| 650 | 0 | |a Plant tissue culture. | |
| 650 | 0 | |a Ferns |x Propagation |x In vitro. | |
| 948 | |a 11/02/1993 |b 06/09/2002 | ||
| 596 | |a 1 | ||
| 999 | |a SB123.6 KWA |w LC |c 1 |i A011201317 |l STACKS |m P01UTAMA |r Y |s Y |t TESIS |u 19/3/1993 | ||
